|
|
|
|
| LEADER |
00000nam0a2200000 4500 |
| 001 |
59498 |
| 005 |
20231101211820.0 |
| 010 |
|
|
|a 5895940714
|
| 035 |
|
|
|a (RuTPU)RU\TPU\book\62891
|
| 090 |
|
|
|a 59498
|
| 100 |
|
|
|a 20031229d2002 k y0rusy50 ca
|
| 101 |
0 |
|
|a rus
|
| 102 |
|
|
|a RU
|
| 105 |
|
|
|a y g 001zy
|
| 200 |
1 |
|
|a Основы проектирования металлургических заводов
|e справочник
|f В. А. Авдеев, В. М. Друян, Б. И. Кудрин
|
| 210 |
|
|
|a Москва
|c Интермет Инжиниринг
|d 2002
|
| 215 |
|
|
|a 464 с.
|
| 225 |
1 |
|
|a Справочник
|
| 320 |
|
|
|a Библиогр.: с. 454-456.
|
| 606 |
1 |
|
|a Металлургические заводы
|x Проектирование
|x Экономическая часть
|x Дипломное проектирование
|x Архитектурно-строительное поектирование
|2 stltpush
|3 (RuTPU)RU\TPU\subj\42808
|9 62429
|
| 610 |
1 |
|
|a металлургия
|
| 610 |
1 |
|
|a проектная деятельность
|
| 610 |
1 |
|
|a доменные печи
|
| 610 |
1 |
|
|a сталеплавильное производство
|
| 610 |
1 |
|
|a прокатные цехи
|
| 610 |
1 |
|
|a трубные цехи
|
| 610 |
1 |
|
|a энергетическое хозяйство
|
| 610 |
1 |
|
|a инструментальное хозяйство
|
| 610 |
1 |
|
|a ремонтные службы
|
| 610 |
1 |
|
|a генеральный план
|
| 610 |
1 |
|
|a транспорт
|
| 610 |
1 |
|
|a инженерное обеспечение
|
| 610 |
1 |
|
|a управление
|
| 610 |
1 |
|
|a окружающая природная среда
|
| 610 |
1 |
|
|a охрана
|
| 610 |
1 |
|
|a инвестиционные проекты
|
| 610 |
1 |
|
|a эффективность
|
| 610 |
1 |
|
|a оценка
|
| 610 |
1 |
|
|a обоснование
|
| 610 |
1 |
|
|a справочники
|
| 675 |
|
|
|a 669.013.5(035)
|v 3
|
| 700 |
|
1 |
|a Авдеев
|b В. А.
|g Виктор Алексеевич
|
| 701 |
|
1 |
|a Друян
|b В. М.
|g Владимир Михайлович
|
| 701 |
|
1 |
|a Кудрин
|b Б. И.
|g Борис Иванович
|
| 801 |
|
1 |
|a RU
|b 63413507
|c 20031229
|g PSBO
|
| 801 |
|
2 |
|a RU
|b 63413507
|c 20150212
|g PSBO
|
| 942 |
|
|
|c BK
|